000 00308nam a2200121Ia 4500
008 190216s9999||||xx |||||||||||||| ||und||
100 _aJames T Perry
 Joseph G Lateer
245 0 _aUnderstanding Oracle
260 _bBpb Publications
_c1991
300 _a634 p
650 _aComputer Science
942 _cBK
999 _c8665
_d8665